000 01002nam0a22002651 4500
001 rc\3690661
005 20260409062829.0
021 _aRU
_bРг6016-74
035 _a(NLR Aleph) 007756705
090 _a7321725
_c7321725
100 _a20130115d1970 |||y0rusy50 ca
101 0 _arus
102 _aRU
105 _aa b |||||
200 1 _aКарусельная электропечь сопротивления САЗ-53.21.7/11-Н1
_e[Каталог]
_fИзготовитель: Новосиб. з-д электротерм. оборудования
210 _aМосква
_cБ. и.
_d[1970]
215 _a4 с.
_cчерт.
_d29
225 1 _aИнформэлектро
_v12.11.03-70
309 _aБез тит. л. и обл.
712 0 2 _aНовосибирский завод электротермического оборудования
_3RU\NLR\AUTH\8810216653
_9319204
801 0 _aRU
_bNLR
_gpsbo
801 1 _aRU
_bELAR
_2rusmarc
852 _aNLR
_bСВТЛ
942 _cBOOK
980 _aNB